书目信息 |
| 题名: |
莫泊桑经典小说 上卷
|
|
| 作者: | 莫泊桑 著 | |
| 分册: | ||
| 出版信息: |
|
|
| 页数: | 345页 | |
| 开本: | 32开 | |
| 丛书名: | ||
| 单 册: | ||
| 中图分类: | I565.4 | |
| 科图分类: | ||
| 主题词: | 文学 | |
| 电子资源: | ||
| ISBN: | ||
| 000 | 00490nam0 2200181 45 | |
| 001 | 0006191679 | |
| 005 | 20000619164610.3 | |
| 010 | @d23.80元 | |
| 100 | @a20000619d km y0chiy0120 ea | |
| 101 | 0 | @achi |
| 105 | @a z 000yy | |
| 200 | 1 | @a莫泊桑经典小说 上卷@AMo Bo Sang Jing Dian Xiao Shuo Shang Juan@f莫泊桑著@FMo Bo Sang Zhu |
| 215 | @a345页@d32开 | |
| 606 | 0 | @a文学 |
| 690 | @aI565.4@v3 | |
| 701 | 0 | @a莫泊桑@4著 |
| 801 | @aCN@bPftUser@c20000619 | |
| 905 | @b207867@dI565.4@eM751@f1 | |
| 莫泊桑经典小说 上卷/莫泊桑著 |
| 345页;32开 |
| ISBN :23.80元 |
| ● |
| 相关链接 |
|
|
|
正题名:莫泊桑经典小说上卷
索取号:I565.4/M751
 
预约/预借
| 序号 | 登录号 | 条形码 | 馆藏地/架位号 | 状态 | 备注 |
| 1 | 207867 | 202078679 | 文学库116/ [索取号:I565.4/M751] | 在馆 |